Organic pharmaceutical and medicinal chemistry aromatic compounds & natural products

Salvato in:
Dettagli Bibliografici
Autore principale: QADRY, J.S. Qadry, S.S
Natura: Libro
Lingua:inglese
Pubblicazione: CBS Publishers 2019
Tags: Aggiungi Tag
Nessun Tag, puoi essere il primo ad aggiungerne!!

MARC

LEADER 00000nam a22000007a 4500
008 231229b |||||||| |||| 00| 0 eng d
020 |a 9788123919201 
100 |a QADRY, J.S.  |a Qadry, S.S 
245 |a Organic pharmaceutical and medicinal chemistry  |b aromatic compounds & natural products  |c /J.S.Qadry, S.S. Qadry  |g xxii,262p:ill 
250 |b 4th 
260 |b CBS Publishers  |c 2019  |h New Delhi  |i 700265  |i 700266  |l RS403.Qa1  |m Pharmaceutical Chemistry  |m Chemistry, Organic 
500 |a it includes index 
942 |a lcc  |c BK  |e Johnson  |f 29/12/23 
952 |0 0  |1 0  |2 lcc  |4 0  |6 RS0403 Q A1  |7 0  |9 4738  |a PL  |b HOL  |c QZ  |d 2023-12-29  |l 0  |o RS403.Qa1  |p 2023-0651  |r 2023-12-29 00:00:00  |t 700265  |w 2023-12-29  |y BK 
952 |0 0  |1 0  |2 lcc  |4 0  |6 RS0403 Q A1  |7 0  |9 4739  |a HOL  |b HOL  |c QZ  |d 2023-12-29  |l 0  |o RS403.Qa1  |p 2023-0652  |r 2023-12-29 00:00:00  |t 700266  |w 2023-12-29  |y BK 
999 |c 2375  |d 2375